[Event "Titled Tuesday intern op 13th Feb Late"]
[Site "Chess.com INT"]
[Date "2024.02.13"]
[Round "4"]
[White "Grinev, Valeriy"]
[Black "Weisz, Bryan"]
[Result "0-1"]
[WhiteElo "2422"]
[BlackElo "1979"]
[PlyCount "60"]
[EventDate "2024.02.13"]
[EventType "swiss (blitz)"]
[EventRounds "11"]
[EventCountry "USA"]
[SourceTitle "CB08_2024"]
[SourceDate "2024.02.21"]
[SourceVersion "1"]
[SourceVersionDate "2024.02.21"]
[SourceQuality "1"]

1. e4 e6 2. d4 d5 3. e5 c5 4. c3 Nc6 5. Nf3 Qb6 6. a4 Nh6 7. Bb5 Bd7 8. Bxc6 bxc6 9. 0-0 cxd4 10. Nxd4 c5 11. Ne2 Nf5 12. Ng3 Nxg3 13. hxg3 Be7 14. Qg4 g5 15. Qh5 h6 16. Nd2 Rh7 17. Nf3 0-0-0 18. Nxg5 Rg7 19. Qxh6 Rdg8 20. Nf3 Bc6 21. a5 Qb7 22. a6 Qa8 23. Bf4 d4 24. cxd4 Bxf3 25. gxf3 Qxf3 26. Ra3 Qe4 27. f3 Qxd4+ 28. Rf2 Rxg3+ 29. Bxg3 Rxg3+ 30. Kh1 Qd1+ 0-1

[Event "Titled Tuesday intern op 23rd Jan Late"]
[Site "Chess.com INT"]
[Date "2024.01.23"]
[Round "7"]
[White "Weisz, Bryan"]
[Black "Gritsenko, Nikolai"]
[Result "0-1"]
[WhiteElo "1995"]
[BlackElo "2309"]
[PlyCount "66"]
[EventDate "2024.01.23"]
[EventType "swiss (blitz)"]
[EventRounds "11"]
[EventCountry "USA"]
[SourceTitle "CB05_2024"]
[SourceDate "2024.01.31"]
[SourceVersion "1"]
[SourceVersionDate "2024.01.31"]
[SourceQuality "1"]

1. d4 d5 2. c4 Nc6 3. e4 dxe4 4. d5 Ne5 5. Nc3 e6 6. Qd4 Ng6 7. Nxe4 Bb4+ 8. Nc3 Nf6 9. Bg5 c5 10. Qd3 exd5 11. cxd5 0-0 12. 0-0-0 h6 13. Be3 Ne5 14. Qc2 Nfg4 15. Bf4 Qf6 16. Nge2 Nxf2 17. Ne4 Nxe4 18. Qxe4 Ng6 19. Bg3 Bf5 20. Qf3 Ne5 21. Bxe5 Qxe5 22. Ng3 Bd7 23. Bd3 c4 24. Bc2 c3 25. Rd3 cxb2+ 26. Kb1 Rae8 27. Rb3 a5 28. Ne4 f5 29. Nf2 Ba4 30. Nd3 Qd4 31. Rxb2 Bxc2+ 32. Rxc2 Re3 33. Qf2 Qxd3 0-1

[Event "Titled Tuesday intern op 26th Sep Early"]
[Site "Chess.com INT"]
[Date "2023.09.26"]
[Round "4"]
[White "Titichoca Daza, Daniel Henry"]
[Black "Weisz, Bryan"]
[Result "1-0"]
[WhiteElo "2151"]
[BlackElo "1985"]
[PlyCount "51"]
[EventDate "2023.09.26"]
[EventType "swiss (blitz)"]
[EventRounds "11"]
[EventCountry "USA"]
[SourceTitle "EXT 2024"]
[Source "ChessBase"]
[SourceDate "2023.10.10"]
[SourceVersion "1"]
[SourceVersionDate "2023.10.10"]
[SourceQuality "1"]

1. e4 e6 2. Nf3 c5 3. Nc3 a6 4. g3 d5 5. Bg2 Nf6 6. exd5 exd5 7. d4 Nc6 8. 0-0 Be7 9. dxc5 0-0 10. Na4 Ne4 11. Be3 Bg4 12. h3 Bh5 13. g4 Bg6 14. c3 f5 15. Nb6 f4 16. Bc1 Bxc5 17. Nxa8 d4 18. cxd4 Nxd4 19. Nxd4 Bxd4 20. Nc7 f3 21. Bxf3 Qxc7 22. Qxd4 Rxf3 23. Qd5+ Kh8 24. Rd1 Rg3+ 25. Kf1 h6 26. Qd8+ 1-0

[Event "Titled Tuesday intern op 26th Sep Late"]
[Site "Chess.com INT"]
[Date "2023.09.26"]
[Round "7"]
[White "Weisz, Bryan"]
[Black "Kim, Sergey2222"]
[Result "0-1"]
[WhiteElo "1985"]
[BlackElo "2295"]
[PlyCount "114"]
[EventDate "2023.09.26"]
[EventType "swiss (blitz)"]
[EventRounds "11"]
[EventCountry "USA"]
[SourceTitle "EXT 2024"]
[Source "ChessBase"]
[SourceDate "2023.10.10"]
[SourceVersion "1"]
[SourceVersionDate "2023.10.10"]
[SourceQuality "1"]

1. d4 Nf6 2. Nc3 g6 3. e4 d6 4. Bc4 Bg7 5. Qe2 0-0 6. e5 Ne8 7. e6 f5 8. d5 c6 9. h4 Nf6 10. h5 b5 11. Bb3 b4 12. Na4 cxd5 13. hxg6 hxg6 14. Nh3 Nc6 15. Nf4 Nd4 16. Qd3 Nxb3 17. axb3 Qe8 18. Qh3 g5 19. Nxd5 Bxe6 20. Nc7 g4 21. Qh4 Qf7 22. Nxa8 Rxa8 23. Bh6 Ne4 24. Bxg7 Qxg7 25. f3 Nf6 26. 0-0-0 Rc8 27. Kb1 Kf7 28. fxg4 Qxg4 29. Qf2 Rc7 30. Rh4 Qxd1+ 31. Ka2 Qxc2 32. Qe3 Rc3 33. Nxc3 Qxb3+ 34. Kb1 bxc3 35. Qxc3 Qxc3 36. bxc3 Bd5 37. Ra4 Bxg2 38. Rxa7 Be4+ 39. Kc1 f4 40. Kd2 d5 41. Ra4 e5 42. c4 dxc4 43. Rxc4 Ke6 44. Ke2 Bd5 45. Ra4 Ne4 46. Ra6+ Nd6 47. Ra7 e4 48. Rh7 Ke5 49. Rh5+ Nf5 50. Rh8 f3+ 51. Ke1 e3 52. Re8+ Kf4 53. Rf8 f2+ 54. Kf1 Bc4+ 55. Kg2 f1Q+ 56. Kh2 Qf2+ 57. Kh1 Bd5# 0-1

[Event "Titled Tuesday intern op 26th Sep Early"]
[Site "Chess.com INT"]
[Date "2023.09.26"]
[Round "9"]
[White "Weisz, Bryan"]
[Black "Osmak, Iulija"]
[Result "0-1"]
[WhiteElo "1985"]
[BlackElo "2449"]
[PlyCount "86"]
[EventDate "2023.09.26"]
[EventType "swiss (blitz)"]
[EventRounds "11"]
[EventCountry "USA"]
[SourceTitle "EXT 2024"]
[Source "ChessBase"]
[SourceDate "2023.10.10"]
[SourceVersion "1"]
[SourceVersionDate "2023.10.10"]
[SourceQuality "1"]

1. c4 e5 2. Nf3 Nc6 3. d4 e4 4. Ng5 f5 5. Nh3 Nf6 6. Bg5 h6 7. Bxf6 Qxf6 8. e3 g5 9. Nc3 Bb4 10. f3 exf3 11. gxf3 d6 12. Nf2 Bxc3+ 13. bxc3 Bd7 14. Rb1 0-0-0 15. Qb3 b6 16. c5 dxc5 17. dxc5 Rhe8 18. Ba6+ Kb8 19. cxb6 axb6 20. 0-0 Rxe3 21. Rbd1 Qxc3 22. Qf7 Ne5 23. Qd5 Qc6 24. Qxc6 Nxc6 25. Bb5 Ree8 26. Rxd7 Rxd7 27. Bxc6 Rde7 28. Bxe8 Rxe8 29. Rd1 Re2 30. a4 Ra2 31. Rd4 c5 32. Rd6 Kc7 33. Rxh6 Rxa4 34. Rh5 c4 35. Rxg5 c3 36. Rxf5 c2 37. Nd3 Rd4 38. Rf7+ Kb8 39. Rf8+ Kb7 40. Rf7+ Kc6 41. Ne5+ Kd6 42. Rf6+ Kxe5 43. Rc6 Rd1+ 0-1

[Event "Titled Tuesday intern op 26th Sep Late"]
[Site "Chess.com INT"]
[Date "2023.09.26"]
[Round "6"]
[White "Weisz, Bryan"]
[Black "Zakarian, David"]
[Result "1-0"]
[WhiteElo "1985"]
[BlackElo "2305"]
[PlyCount "203"]
[EventDate "2023.09.26"]
[EventType "swiss (blitz)"]
[EventRounds "11"]
[EventCountry "USA"]
[SourceTitle "EXT 2024"]
[Source "ChessBase"]
[SourceDate "2023.10.10"]
[SourceVersion "1"]
[SourceVersionDate "2023.10.10"]
[SourceQuality "1"]

1. e4 Nc6 2. b4 Nxb4 3. d4 d5 4. c4 dxe4 5. Qa4+ Nc6 6. d5 Bd7 7. dxc6 Bxc6 8. Qc2 e5 9. Nc3 Bb4 10. Bd2 Nf6 11. Nge2 0-0 12. Ng3 Qd4 13. Nf5 Qd7 14. Ne3 Rad8 15. Ncd5 Bxd2+ 16. Qxd2 Bxd5 17. cxd5 c6 18. Rb1 cxd5 19. Bb5 Qe6 20. 0-0 g6 21. Qb2 b6 22. f4 exf3 23. Rxf3 d4 24. Rbf1 Ne4 25. Bc4 Qc6 26. Rxf7 Rxf7 27. Bxf7+ Kh8 28. Ng4 Rf8 29. Nxe5 Qd6 30. Nc4 Qc5 31. Qe2 d3+ 32. Qe3 Qxe3+ 33. Nxe3 d2 34. Bb3 Rd8 35. Nc4 b5 36. Ne5 Kg7 37. Nc6 Rd7 38. Bc2 Nc3 39. Bd1 Rc7 40. Ne5 a5 41. Nf3 Rd7 42. Kf2 b4 43. Ke3 Nxa2 44. Nxd2 Nc3 45. Bb3 a4 46. Bc4 b3 47. Nxb3 axb3 48. Bxb3 Nd5+ 49. Bxd5 Rxd5 50. Ke4 Rg5 51. g3 Ra5 52. Rd1 Ra4+ 53. Kf3 Ra2 54. h4 Kh6 55. Rd5 Ra3+ 56. Kg4 Ra4+ 57. Kh3 Ra7 58. Rd3 Kg7 59. Rb3 h6 60. Kg4 Ra4+ 61. Kh3 Ra6 62. Rb5 Kf6 63. Kg4 Ra4+ 64. Kh3 Re4 65. Rb6+ Kf5 66. g4+ Kf4 67. Rf6+ Ke5 68. Rxg6 h5 69. Rg5+ Kf6 70. Rxh5 Re3+ 71. Kg2 Re4 72. Kf3 Ra4 73. Rh6+ Kg7 74. Re6 Ra3+ 75. Re3 Ra4 76. Re4 Ra3+ 77. Kf4 Ra1 78. Rb4 Ra5 79. Rb7+ Kg6 80. Rb6+ Kg7 81. g5 Kh7 82. Kg4 Kg7 83. Kh5 Kh7 84. Rb7+ Kh8 85. Kh6 Ra8 86. g6 Rc8 87. h5 Kg8 88. Rg7+ Kh8 89. Rd7 Kg8 90. Rd6 Kh8 91. Ra6 Kg8 92. Ra5 Kh8 93. Kg5 Kg8 94. h6 Kh8 95. Ra6 Kg8 96. Kf6 Kh8 97. Rd6 Kg8 98. Re6 Rf8+ 99. Kg5 Rc8 100. h7+ Kh8 101. Kh6 Rf8 102. g7# 1-0

[Event "Titled Tuesday intern op 19th Sep Late"]
[Site "Chess.com INT"]
[Date "2023.09.19"]
[Round "11"]
[White "Weisz, Bryan"]
[Black "Ai, Evan Zihao"]
[Result "0-1"]
[WhiteElo "1985"]
[BlackElo "2199"]
[PlyCount "58"]
[EventDate "2023.09.19"]
[EventType "swiss (blitz)"]
[EventRounds "11"]
[EventCountry "USA"]
[SourceTitle "EXT 2024"]
[Source "ChessBase"]
[SourceDate "2023.10.10"]
[SourceVersion "1"]
[SourceVersionDate "2023.10.10"]
[SourceQuality "1"]

1. d4 Nf6 2. Nf3 e6 3. c4 b6 4. g3 Bb7 5. Bg2 Be7 6. 0-0 0-0 7. Qc2 d5 8. Bf4 Nbd7 9. Nc3 dxc4 10. Ne5 Bxg2 11. Kxg2 Nxe5 12. Bxe5 Nd5 13. g4 c5 14. dxc5 Bxc5 15. Ne4 Rc8 16. h4 Qxh4 17. Rh1 Qxg4+ 18. Ng3 g6 19. Rxh7 Nf4+ 20. Bxf4 Kxh7 21. Rh1+ Kg8 22. Bh6 Rfd8 23. f3 Qd4 24. Kh3 Rd5 25. Ne4 Rh5+ 26. Kg2 Rxh1 27. e3 Qd1 28. Nf6+ Kh8 29. Qc3 Qg1# 0-1

[Event "Titled Tuesday intern op 29th Aug Late"]
[Site "Chess.com INT"]
[Date "2023.08.29"]
[Round "10"]
[White "Weisz, Bryan"]
[Black "Omariev, Maksim"]
[Result "1/2-1/2"]
[WhiteElo "1981"]
[BlackElo "2304"]
[PlyCount "122"]
[EventDate "2023.08.29"]
[EventType "swiss (blitz)"]
[EventRounds "11"]
[EventCountry "USA"]
[SourceTitle "EXT 2024"]
[Source "ChessBase"]
[SourceDate "2023.10.10"]
[SourceVersion "1"]
[SourceVersionDate "2023.10.10"]
[SourceQuality "1"]

1. e3 d5 2. Ke2 c6 3. Ke1 Nf6 4. c4 g6 5. Nc3 Bg7 6. Nf3 0-0 7. b3 Na6 8. Bb2 Nc5 9. d4 Nce4 10. Nxe4 Nxe4 11. Nd2 Bf5 12. f3 Nxd2 13. Qxd2 Re8 14. Kf2 e5 15. dxe5 Bxe5 16. cxd5 Qxd5 17. Qxd5 cxd5 18. Bxe5 Rxe5 19. Rc1 Rae8 20. Bb5 R8e7 21. g4 d4 22. exd4 Rxb5 23. gxf5 Rxf5 24. Rc5 Rf4 25. Rd1 f5 26. d5 Kf7 27. d6 Rd7 28. Rc7 Ke8 29. Rc8+ Kf7 30. Rc7 Ke8 31. Re1+ Kd8 32. Re7 Rxd6 33. Rxh7 Rfd4 34. Rxb7 Rd7 35. Rxa7 Rd2+ 36. Kg3 Rxh7 37. Rxh7 Rxa2 38. Rg7 Ra6 39. h4 Ke8 40. Kf4 Rb6 41. Kg5 Rxb3 42. Rxg6 Rxf3 43. Rf6 Rg3+ 44. Kh6 Rf3 45. h5 Ke7 46. Ra6 f4 47. Kg7 Rg3+ 48. Rg6 Rxg6+ 49. hxg6 f3 50. Kh8 f2 51. g7 f1Q 52. g8Q Qa1+ 53. Kh7 Qh1+ 54. Kg6 Qg2+ 55. Kh7 Qh3+ 56. Kg7 Qg4+ 57. Kh8 Qf5 58. Qg7+ Ke8 59. Qa7 Qf6+ 60. Kh7 Qf7+ 61. Qxf7+ Kxf7 1/2-1/2